| 000 | 00894cam a2200253 4500 | ||
|---|---|---|---|
| 001 | 315995 | ||
| 005 | 20010616155724.0 | ||
| 008 | 691126s1967 cc c | b 000 0deng d | ||
| 010 | _a 74007828 | ||
| 040 |
_aDLC _cDLC _dDLC |
||
| 041 | 1 |
_aeng _hchi |
|
| 050 | 0 | 0 |
_aDS778.M3 _bA5156 |
| 082 | 0 | 0 |
_a335.430951 _bZED |
| 100 | 1 |
_aMao, Zedong, _d1893-1976. _910647 |
|
| 240 | 1 | 0 |
_aSelections. _lEnglish. _f1967 |
| 245 | 1 | 0 |
_aSelected Readings From The Works of Mao Tse-Tung / _cZedong Mao. |
| 260 |
_aPeking, _bForeign Languages Press, _c1967. |
||
| 300 |
_a406 p. _bport. _c23 cm. |
||
| 504 | _aIncludes bibliographical references. | ||
| 546 | _aIn English. | ||
| 650 |
_aMao, Zedong _910648 |
||
| 942 |
_2ddc _cBB |
||
| 999 |
_c13206 _d13206 |
||